header

Microsoft .NET Framework 4.5 quickstart cookbook (Record no. 16083)

MARC details
000 -LEADER
fixed length control field 01272nam a2200289 a 4500
100 1# - MAIN ENTRY--AUTHOR NAME
Personal name Millas, Jose Luis Latorre.
245 10 - TITLE STATEMENT
Title Microsoft .NET Framework 4.5 quickstart cookbook
260 ## - PUBLICATION, DISTRIBUTION, ETC. (IMPRINT)
Place of publication Birmingham :
Name of publisher Packt Pub.,
Year of publication 2013.
300 ## - PHYSICAL DESCRIPTION
Number of Pages iii, 210 p. :
Other physical details ill. (chiefly col.)
500 ## - GENERAL NOTE
General note "Quick answers to common problems"--Cover.
General note Includes index.
650 #0 - SUBJECT ADDED ENTRY--TOPICAL TERM
Topical Term Microsoft .NET Framework.
856 40 - ELECTRONIC LOCATION AND ACCESS
Uniform Resource Identifier http://site.ebrary.com/lib/rucke/Doc?id=10714625

No items available.

© 2026 Rongo University
Contact us: librarian | system librarian | Rongo university